| 000 | 00741nam a2200229 a 4500 | ||
|---|---|---|---|
| 005 | 20250708063922.0 | ||
| 008 | 160816s2012 mx r 000 0 spa d | ||
| 020 | _a9786074016390 | ||
| 035 | _aUPN01000212355 | ||
| 040 |
_aUPN _bspa _cUPN |
||
| 049 | _aCG | ||
| 050 | 4 |
_aHQ799 M6 _bP6.4 |
|
| 245 | 0 | 0 |
_aPolíticas de juventud : _buna propuesta para el México del siglo XXI / _cJosé Narro Robles ... [et al.]. |
| 260 |
_aMéxico : _bUNAM : _bMiguel Angel Porrúa, _c2012. |
||
| 300 |
_a70 p. : _bgráfs., tablas |
||
| 440 | 0 | _aPolíticas públicas | |
| 650 | 4 |
_aJuventud _xPolítica gubernamental _zMéxico _924605 |
|
| 700 | 1 |
_aNarro Robles, José, _d1948- _ecoaut. _935721 |
|
| 905 | _aLibro | ||
| 942 |
_2lcc _cLIBRO |
||
| 999 |
_c184455 _d184455 |
||